[Event "Seniorsko prvenstvo Centralne "]
[Site "Vrnjacka Banja"]
[Date "2008.11.09"]
[Round "3.1"]
[White "Lazic, Dragoljub"]
[Black "Abramovic, Bosko"]
[Result "1/2-1/2"]
[WhiteElo "2320"]
[BlackElo "2484"]
[PlyCount "98"]
[EventDate "2008.11.08"]

1. e4 e5 2. Nf3 Nc6 3. Bb5 a6 4. Ba4 Nf6 5. O-O Be7 6. Re1 b5 7. Bb3 d6 8. c3
O-O 9. d4 Bg4 10. Be3 Na5 11. Bc2 exd4 12. cxd4 c5 13. h3 Bh5 14. Nbd2 cxd4 15.
Bxd4 Nc6 16. Be3 Rc8 17. g4 Bg6 18. Nh4 d5 19. Nxg6 hxg6 20. exd5 Nxd5 21. Ne4
Nxe3 22. Rxe3 Qxd1+ 23. Rxd1 Rfd8 24. Rc3 Rxd1+ 25. Bxd1 Na7 26. Rxc8+ Nxc8 27.
a4 Nb6 28. axb5 axb5 29. Be2 b4 30. b3 g5 31. Kg2 g6 32. Nd2 Kg7 33. Kf3 f5 34.
Nc4 Nd7 35. Bd1 Kf6 36. Bc2 Bc5 37. Kg3 Nf8 38. gxf5 gxf5 39. f4 gxf4+ 40. Kxf4
Ne6+ 41. Kg3 Nd4 42. Bd1 Ba7 43. Nd2 Ne6 44. Nf3 Be3 45. Be2 Bb6 46. Bc4 Bc7+
47. Kf2 Nf4 48. Bf1 Bb6+ 49. Kg3 Ne6 1/2-1/2

[Event "Seniorsko prvenstvo Centralne "]
[Site "Vrnjacka Banja"]
[Date "2008.11.09"]
[Round "3.2"]
[White "Pantelic, Sasa"]
[Black "Rajkovic, Dusan"]
[Result "0-1"]
[WhiteElo "2293"]
[BlackElo "2474"]
[PlyCount "128"]
[EventDate "2008.11.08"]

1. d4 Nf6 2. c4 e6 3. Nc3 Bb4 4. Qc2 c5 5. dxc5 Qc7 6. a3 Bxc5 7. b4 Be7 8. Nb5
Qc6 9. Nf3 d6 10. Nfd4 Qb6 11. e3 a6 12. Nc3 Nc6 13. Bb2 O-O 14. Be2 Bd7 15.
O-O Rfc8 16. Na4 Qc7 17. Nxc6 Qxc6 18. Nc3 Qc7 19. Ne4 Ne8 20. Rac1 b6 21. Qb3
Bc6 22. Bf3 Qb7 23. Nd2 Bf6 24. Rc2 Rc7 25. Rfc1 h6 26. h3 Rac8 27. Bxf6 Nxf6
28. Bxc6 Rxc6 29. Qa4 Kf8 30. b5 axb5 31. cxb5 Rxc2 32. Rxc2 Rxc2 33. Qxc2 Ke7
34. Nb3 e5 35. a4 Kd7 36. Nd2 Qc7 37. Nc4 Qc5 38. Qb3 Kc7 39. a5 bxa5 40. Nxa5
Nd7 41. Nc6 d5 42. Nb4 Kd6 43. Na6 Qc4 44. Qa3+ Ke6 45. Qa5 d4 46. Qd8 Kd6 47.
Nb8 Qxb5 48. Nxd7 Qxd7 49. Qf8+ Kd5 50. exd4 exd4 51. Qxg7 Qe6 52. Kf1 Qd6 53.
Kg1 Qg6 54. Qf8 d3 55. Qd8+ Kc4 56. Qc7+ Kb3 57. Qb7+ Kc2 58. Qc7+ Kd1 59. Qc5
Ke2 60. Qc1 Qe4 61. Qxh6 d2 62. Qa6+ Ke1 63. Qa5 Qd4 64. Kh2 f6 0-1

[Event "Seniorsko prvenstvo Centralne "]
[Site "Vrnjacka Banja"]
[Date "2008.11.09"]
[Round "3.3"]
[White "Misailovic, Nebojsa"]
[Black "Kojovic, Dragan"]
[Result "1-0"]
[WhiteElo "2267"]
[BlackElo "2412"]
[PlyCount "65"]
[EventDate "2008.11.08"]

1. e4 e6 2. d4 d5 3. Nc3 Bb4 4. e5 c5 5. a3 Bxc3+ 6. bxc3 Qa5 7. Bd2 Qa4 8. Qg4
g6 9. c4 Nc6 10. dxc5 Nxe5 11. Qd4 f6 12. Nf3 Nxf3+ 13. gxf3 Bd7 14. h4 Kf7 15.
h5 Ne7 16. Qb2 dxc4 17. Bc3 Nd5 18. Rh4 Bb5 19. O-O-O Nxc3 20. Qxc3 Rad8 21.
Rxd8 Rxd8 22. hxg6+ hxg6 23. Rh7+ Kg8 24. Rxb7 Qa6 25. Rc7 Rf8 26. a4 Qxa4 27.
Bh3 Bd7 28. c6 Bxc6 29. Bxe6+ Kh8 30. Bf7 Kg7 31. Be8+ Kh6 32. Bxc6 Qa5 33. f4
1-0

[Event "Seniorsko prvenstvo Centralne "]
[Site "Vrnjacka Banja"]
[Date "2008.11.09"]
[Round "3.6"]
[White "Ilic, Dragan B"]
[Black "Lajthajm, Borko"]
[Result "0-1"]
[WhiteElo "2256"]
[BlackElo "2498"]
[PlyCount "100"]
[EventDate "2008.11.08"]

1. d4 Nf6 2. c4 e6 3. Nf3 Bb4+ 4. Bd2 Qe7 5. g3 O-O 6. Bg2 Bxd2+ 7. Qxd2 d6 8.
Nc3 c6 9. O-O e5 10. e4 Bg4 11. Nh4 Na6 12. f4 Be6 13. d5 Bd7 14. Rae1 exf4 15.
Rxf4 Rae8 16. Re2 Bc8 17. Nf5 Bxf5 18. exf5 Qc7 19. dxc6 bxc6 20. g4 h6 21. h4
Rxe2 22. Nxe2 Re8 23. g5 hxg5 24. hxg5 Nh7 25. g6 Nf6 26. gxf7+ Kxf7 27. Nd4 d5
28. Ne6 Qb6+ 29. Kf1 Nc7 30. Nxc7 Qxc7 31. cxd5 Qd6 32. Rd4 Rd8 33. Qg5 cxd5
34. Qg6+ Kg8 35. Rd1 Qa6+ 36. Kg1 Qxa2 37. Re1 Qc4 38. Qg5 Qd4+ 39. Kh1 Kf7 40.
Qg6+ Kf8 41. Qg3 Qc5 42. Qh4 Kg8 43. Bf3 d4 44. Qg5 d3 45. Rg1 Qe7 46. Qd2 Rd4
47. Rc1 Qd7 48. Qa5 d2 49. Rd1 Rh4+ 50. Kg2 Qd6 0-1

[Event "Seniorsko prvenstvo Centralne "]
[Site "Vrnjacka Banja"]
[Date "2008.11.09"]
[Round "3.7"]
[White "Arsovic, Zoran"]
[Black "Stanojevic, Branko"]
[Result "1/2-1/2"]
[WhiteElo "2480"]
[BlackElo "2275"]
[PlyCount "32"]
[EventDate "2008.11.08"]

1. Nf3 Nf6 2. c4 c5 3. Nc3 e6 4. g3 b6 5. Bg2 Bb7 6. O-O d6 7. d4 cxd4 8. Qxd4
a6 9. Rd1 Nbd7 10. Bg5 Qc7 11. b3 Be7 12. Qd2 Nc5 13. Bf4 Rd8 14. Rac1 O-O 15.
b4 Nce4 16. Nxe4 Nxe4 1/2-1/2

[Event "Seniorsko prvenstvo Centralne "]
[Site "Vrnjacka Banja"]
[Date "2008.11.09"]
[Round "3.9"]
[White "Damjanovic, Dragan"]
[Black "Sredojevic, Ivan"]
[Result "1-0"]
[WhiteElo "2229"]
[BlackElo "2396"]
[PlyCount "101"]
[EventDate "2008.11.08"]

1. d4 Nf6 2. c4 e6 3. Nc3 Bb4 4. Qc2 d5 5. cxd5 exd5 6. Bg5 O-O 7. e3 b6 8. a3
Be7 9. Bd3 h6 10. Bh4 Bb7 11. Nge2 Nbd7 12. O-O Re8 13. b4 c6 14. Bf5 a5 15. b5
c5 16. Na4 c4 17. Bg3 Nf8 18. Nec3 g6 19. Bh3 Bc8 20. Bxc8 Rxc8 21. h3 Bd6 22.
Bxd6 Qxd6 23. Ne2 Ne6 24. Nac3 Ng7 25. Ng3 h5 26. Rfe1 h4 27. Nf1 Nf5 28. Nd2
Kg7 29. Nf3 Ne4 30. Ne5 Nxc3 31. Qxc3 f6 32. Nc6 Re6 33. a4 Rce8 34. Re2 g5 35.
Rae1 Nh6 36. e4 Rxe4 37. Rxe4 dxe4 38. Qxc4 g4 39. d5 Qf4 40. Qc1 Qd6 41. Qc4
f5 42. Nd4 Kh7 43. Ne6 gxh3 44. gxh3 Re7 45. Qc6 Qb4 46. Rc1 Nf7 47. Qxb6 Qd2
48. Qc5 e3 49. Qxe3 Qb4 50. Qc3 Qxa4 51. Qg7# 1-0

[Event "Seniorsko prvenstvo Centralne "]
[Site "Vrnjacka Banja"]
[Date "2008.11.09"]
[Round "3.11"]
[White "Nikolic, Stanimir"]
[Black "Misic, Dragan"]
[Result "1-0"]
[WhiteElo "2291"]
[BlackElo "2229"]
[PlyCount "96"]
[EventDate "2008.11.08"]

1. d4 d5 2. Nf3 Nf6 3. c4 c6 4. e3 Bf5 5. Nc3 e6 6. Bd3 Bxd3 7. Qxd3 Be7 8. O-O
O-O 9. Rb1 a5 10. Ne5 Nfd7 11. f4 f6 12. Nf3 f5 13. Bd2 Na6 14. a3 h6 15. Kh1
Kh8 16. Rg1 Qe8 17. g4 g6 18. Qf1 Qf7 19. c5 h5 20. gxh5 gxh5 21. h4 Rg8 22.
Ng5 Bxg5 23. hxg5 Kg7 24. Nd1 Nf8 25. Nf2 Ng6 26. Nd3 Nc7 27. Rg2 Rh8 28. Rh2
Kf8 29. Kg2 Ke7 30. Qe2 h4 31. Rbh1 Rh7 32. Rh3 a4 33. Be1 Nb5 34. Bxh4 Rah8
35. Bg3 Rxh3 36. Rxh3 Rxh3 37. Kxh3 Qh7+ 38. Kg2 Qh8 39. Qd1 Nh4+ 40. Kg1 Ng6
41. Nf2 Qa8 42. Qh5 Qg8 43. Qh6 Kf7 44. Nd3 Qg7 45. Qh5 Ke7 46. Kg2 Qg8 47. Bh4
Qe8 48. Kg3 Kd7 1-0

[Event "Seniorsko prvenstvo Centralne "]
[Site "Vrnjacka Banja"]
[Date "2008.11.09"]
[Round "3.12"]
[White "Maksimovic, Branimir"]
[Black "Pantic, Ivica"]
[Result "1-0"]
[WhiteElo "2418"]
[BlackElo "2208"]
[PlyCount "73"]
[EventDate "2008.11.08"]

1. d4 Nf6 2. Nf3 e6 3. e3 b6 4. Bd3 Bb7 5. O-O Be7 6. c4 O-O 7. Nc3 Bb4 8. Qc2
Bxf3 9. gxf3 d5 10. Ne2 Nbd7 11. cxd5 exd5 12. e4 h6 13. e5 Ne8 14. Qb3 c5 15.
Qxd5 Nc7 16. Qe4 f5 17. exf6 Nxf6 18. Qg6 Qe8 19. a3 Qxg6+ 20. Bxg6 Ba5 21.
dxc5 bxc5 22. Be3 Bb6 23. Rac1 Nd7 24. Be4 Rab8 25. b4 c4 26. Rxc4 Nb5 27. Bf4
Rbe8 28. a4 Nd4 29. Nxd4 Rxf4 30. Nc6 Kf8 31. a5 Bc7 32. Nxa7 Be5 33. Nc6 Rh4
34. Nxe5 Rxe5 35. Rd1 Rg5+ 36. Kf1 Nf6 37. a6 1-0

[Event "Seniorsko prvenstvo Centralne "]
[Site "Vrnjacka Banja"]
[Date "2008.11.09"]
[Round "3.13"]
[White "Vasic, Vladimir"]
[Black "Arsovic, Goran"]
[Result "0-1"]
[WhiteElo "2191"]
[BlackElo "2432"]
[Annotator ",Dragan"]
[PlyCount "124"]
[EventDate "2008.11.08"]

1. e4 c5 2. Nf3 d6 3. d4 cxd4 4. Nxd4 Nf6 5. f3 Nc6 6. c4 Qb6 7. Nc2 e6 8. Nc3
Be7 9. Be3 Qxb2 10. Nb5 O-O 11. Bd3 a6 12. O-O axb5 13. cxb5 Rxa2 14. Rb1 Qc3
15. bxc6 Rb2 16. Rc1 Qa5 17. Bd4 Ra2 18. Bc4 Ra4 19. Bb3 bxc6 20. Bxa4 Qxa4 21.
Ra1 Qb5 22. Qd2 c5 23. Rfb1 Qc6 24. Bf2 d5 25. exd5 exd5 26. Qa5 d4 27. Qa8 Qd7
28. Qa4 Qf5 29. Nxd4 cxd4 30. Qxd4 Be6 31. Re1 Rd8 32. Qa7 Bf8 33. Rad1 Rc8 34.
Rc1 Re8 35. Bc5 h6 36. Bxf8 Rxf8 37. Qf2 Nd5 38. Rc5 Qd3 39. Rcc1 Rb8 40. Rcd1
Qf5 41. Qd4 Nf4 42. Rd2 Rb5 43. Qe4 Qf6 44. Rd4 g5 45. Rd2 Kg7 46. Kf2 Bf5 47.
Qe3 Rb8 48. Red1 Rf8 49. g3 Ne6 50. Rc1 Ra8 51. Qc3 Ra7 52. Qxf6+ Kxf6 53. Rc3
h5 54. Rb2 Ra1 55. Kg2 Rd1 56. Re3 Bd3 57. Kf2 Rf1+ 58. Kg2 Rd1 59. Kf2 Rh1 60.
Kg2 Rd1 61. Kf2 g4 62. f4 Rf1+ {inc...101 moves} 0-1

[Event "Seniorsko prvenstvo Centralne "]
[Site "Vrnjacka Banja"]
[Date "2008.11.09"]
[Round "3.14"]
[White "Ostojic, Nikola"]
[Black "Dolovic, Dusko"]
[Result "1-0"]
[WhiteElo "2398"]
[BlackElo "2199"]
[PlyCount "41"]
[EventDate "2008.11.08"]

1. d4 Nf6 2. c4 e6 3. Nc3 d5 4. Nf3 c6 5. Bg5 h6 6. Bxf6 Qxf6 7. Qb3 Bd6 8. e4
dxe4 9. Nxe4 Qe7 10. O-O-O Nd7 11. Bd3 O-O 12. Rhe1 b5 13. Nxd6 Qxd6 14. c5
Qf4+ 15. Kb1 Qc7 16. Bc2 Kh8 17. Qd3 f5 18. Ne5 Rd8 19. Nf7+ Kg8 20. Nxd8 Qxd8
21. Bb3 1-0

[Event "Seniorsko prvenstvo Centralne "]
[Site "Vrnjacka Banja"]
[Date "2008.11.09"]
[Round "3.15"]
[White "Novoselski, Zoran"]
[Black "Kolbert, Engelbert"]
[Result "1-0"]
[WhiteElo "2388"]
[BlackElo "2189"]
[PlyCount "79"]
[EventDate "2008.11.08"]

1. d4 Nf6 2. Nf3 g6 3. Nc3 Bg7 4. e4 d6 5. Bc4 O-O 6. Qe2 Bg4 7. e5 Nfd7 8. e6
Nb6 9. exf7+ Kh8 10. Be6 Bxf3 11. Qxf3 Nc6 12. Ne2 Nxd4 13. Nxd4 Bxd4 14. Bh6
Bxb2 15. O-O Bf6 16. Rae1 d5 17. Bxf8 Qxf8 18. Bxd5 Nxd5 19. Qxd5 c6 20. Qb3 b6
21. Rd1 Kg7 22. Rd7 Qxf7 23. Qxf7+ Kxf7 24. Rfd1 Ke6 25. Rd8 Rxd8 26. Rxd8 b5
27. Kf1 a5 28. Ke2 a4 29. Kd3 c5 30. Rb8 b4 31. Ke4 Kd6 32. Rb6+ Kc7 33. Ra6
Kb7 34. Rxa4 Kc6 35. Ra8 Bb2 36. f4 Kb5 37. Kd3 e5 38. Rb8+ Kc6 39. Kc4 e4 40.
Re8 1-0

[Event "Seniorsko prvenstvo Centralne "]
[Site "Vrnjacka Banja"]
[Date "2008.11.09"]
[Round "3.16"]
[White "Nadj Hedjesi, Balind"]
[Black "Gavrilovic, Leonardo"]
[Result "1/2-1/2"]
[WhiteElo "2296"]
[BlackElo "2188"]
[PlyCount "52"]
[EventDate "2008.11.08"]

1. e4 e5 2. d4 Nc6 3. dxe5 Nxe5 4. f4 Nc6 5. Be3 Bb4+ 6. Nc3 Nf6 7. e5 Ne4 8.
Qd3 d5 9. O-O-O Bxc3 10. bxc3 Qe7 11. c4 d4 12. Qxe4 Qa3+ 13. Kd2 Bf5 14. Qf3
Qc3+ 15. Ke2 Bg4 16. Bd2 Bxf3+ 17. Nxf3 Qxc2 18. Rc1 Qf5 19. g4 Qe4+ 20. Kf2
O-O 21. Rg1 Rae8 22. Ng5 Qg6 23. f5 Qh6 24. Nf3 g5 25. Bxg5 Qg7 26. Bf6 Qh6
1/2-1/2

[Event "Seniorsko prvenstvo Centralne "]
[Site "Vrnjacka Banja"]
[Date "2008.11.09"]
[Round "3.17"]
[White "Milosevic, Zoran"]
[Black "Zlatanovic, Zoran"]
[Result "1-0"]
[WhiteElo "2279"]
[BlackElo "2169"]
[PlyCount "125"]
[EventDate "2008.11.08"]

1. d4 Nf6 2. c4 e6 3. Nf3 Bb4+ 4. Bd2 a5 5. g3 d5 6. Bg2 O-O 7. O-O Nc6 8. a3
Bd6 9. Nc3 dxc4 10. Qa4 e5 11. d5 Nd4 12. Qxc4 c5 13. e3 b5 14. Qa2 Nxf3+ 15.
Bxf3 Ba6 16. Rfc1 b4 17. Ne4 Nxe4 18. Bxe4 f5 19. Bg2 f4 20. exf4 exf4 21. Bxf4
Rxf4 22. gxf4 Qh4 23. Qb3 Qxf4 24. Qg3 Qf6 25. Qh3 Bc8 26. Qf3 Qe5 27. Qg3 Qf6
28. Qe3 Bd7 29. Re1 Qh4 30. h3 Rf8 31. axb4 Qxb4 32. b3 c4 33. bxc4 Bc5 34. Qc1
Bxf2+ 35. Kh1 Bxe1 36. Qxe1 Qxc4 37. Rxa5 Qd3 38. Kh2 Qf5 39. Ra7 Qf4+ 40. Qg3
Qxg3+ 41. Kxg3 Bf5 42. h4 Rf7 43. Ra5 g6 44. Bf3 Kg7 45. Kf4 Bd7+ 46. Ke3 h6
47. Ra6 g5 48. h5 Bf5 49. Bd1 g4 50. Bxg4 Bxg4 51. Rg6+ Kf8 52. Rxg4 Ke7 53.
Ke4 Rf1 54. Rg7+ Kd6 55. Rg6+ Ke7 56. Rxh6 Re1+ 57. Kd4 Rd1+ 58. Kc5 Rc1+ 59.
Kb6 Kd7 60. Rg6 Rb1+ 61. Kc5 Rc1+ 62. Kd4 Rd1+ 63. Ke5 1-0

[Event "Seniorsko prvenstvo Centralne "]
[Site "Vrnjacka Banja"]
[Date "2008.11.09"]
[Round "3.18"]
[White "Popovic, Predrag R"]
[Black "Jevtic, Miroljub"]
[Result "1-0"]
[WhiteElo "2275"]
[BlackElo "2167"]
[PlyCount "115"]
[EventDate "2008.11.08"]

1. d4 e6 2. e4 d5 3. Nd2 dxe4 4. Nxe4 Nd7 5. Bd3 Ngf6 6. Qe2 Nxe4 7. Bxe4 Nf6
8. Bxb7 Bxb7 9. Qb5+ Nd7 10. Qxb7 Bd6 11. Nf3 O-O 12. O-O h6 13. b3 Qe7 14. Bb2
a5 15. a4 Rab8 16. Qa6 Bb4 17. Rfd1 Rb6 18. Qc4 Bd6 19. Bc3 Ra8 20. Ne5 Nf6 21.
Qd3 Nd5 22. Nc4 Rc6 23. Bd2 Qh4 24. g3 Qh3 25. Nxa5 Rca6 26. Nc4 Be7 27. Qf3 f6
28. Ne3 Rd8 29. Qg4 Qxg4 30. Nxg4 h5 31. Ne3 Nb4 32. Bxb4 Bxb4 33. d5 Bc3 34.
dxe6 Re8 35. Nd5 Be5 36. f4 Bxa1 37. Nxc7 Raxe6 38. Nxe6 Bc3 39. Rd8 Rxd8 40.
Nxd8 Kf8 41. Kg2 Ke7 42. Nc6+ Kd6 43. Na7 Kc5 44. Nb5 Bd2 45. c3 h4 46. Kf3
hxg3 47. hxg3 g6 48. g4 Bc1 49. Ke4 Bd2 50. f5 g5 51. Kd3 Bf4 52. b4+ Kd5 53.
a5 Kc6 54. Kc4 Be5 55. Nd4+ Kb7 56. b5 Bc7 57. b6 Bh2 58. Kb5 1-0

[Event "Seniorsko prvenstvo Centralne "]
[Site "Vrnjacka Banja"]
[Date "2008.11.09"]
[Round "3.19"]
[White "Radosavljevic, Slobodan D"]
[Black "Dodic, Dragan"]
[Result "1/2-1/2"]
[WhiteElo "2267"]
[BlackElo "2148"]
[PlyCount "36"]
[EventDate "2008.11.08"]

1. Nf3 d5 2. c4 e6 3. g3 Nf6 4. Bg2 Be7 5. O-O O-O 6. d3 c5 7. Nc3 Nc6 8. Bf4
b6 9. d4 Bb7 10. dxc5 Bxc5 11. Qa4 dxc4 12. Ne5 Na5 13. Bxb7 Nxb7 14. Bg5 Be7
15. Nc6 Qc7 16. Nxe7+ Qxe7 17. Qxc4 h6 18. Bxf6 Qxf6 1/2-1/2

[Event "Seniorsko prvenstvo Centralne "]
[Site "Vrnjacka Banja"]
[Date "2008.11.09"]
[Round "3.20"]
[White "Tasic, Zoran"]
[Black "Tasic, Vladimir"]
[Result "1-0"]
[WhiteElo "2159"]
[BlackElo "2241"]
[PlyCount "91"]
[EventDate "2008.11.08"]

1. b4 d5 2. Bb2 Nf6 3. e3 e6 4. a3 c5 5. b5 a5 6. a4 Nbd7 7. f4 Bd6 8. Nf3 O-O
9. Be2 Qe7 10. Ne5 Ne8 11. O-O f6 12. Nxd7 Qxd7 13. Bf3 Bb8 14. c4 d4 15. g3
Nd6 16. Qb3 Nf5 17. e4 Ne7 18. d3 g5 19. fxg5 fxg5 20. Nd2 Ng6 21. Bh5 Qg7 22.
Bxg6 Qxg6 23. Rxf8+ Kxf8 24. Rf1+ Kg8 25. Qd1 g4 26. Qe2 Be5 27. Bc1 b6 28. Nb3
Bg7 29. Qd2 h6 30. Na1 e5 31. Nc2 Be6 32. Ne1 Rf8 33. Rxf8+ Bxf8 34. Ng2 Qg7
35. Nh4 Kh7 36. Kg2 Qf6 37. Kg1 Be7 38. Qg2 Qf7 39. Nf5 Bxf5 40. exf5 Qxf5 41.
Qb7 Qe6 42. Qe4+ Kg7 43. Bf4 Bf6 44. h3 gxh3 45. Kh2 Qg4 46. Bxh6+ 1-0

[Event "Seniorsko prvenstvo Centralne "]
[Site "Vrnjacka Banja"]
[Date "2008.11.09"]
[Round "3.21"]
[White "Misojcic, Miroslav"]
[Black "Pavicevic, Jovan"]
[Result "1/2-1/2"]
[WhiteElo "2221"]
[BlackElo "2093"]
[PlyCount "70"]
[EventDate "2008.11.08"]

1. d4 Nf6 2. c4 g6 3. g3 Bg7 4. Bg2 O-O 5. Nc3 e6 6. e4 d5 7. cxd5 exd5 8. e5
Ne4 9. Nxe4 dxe4 10. Bxe4 c5 11. Nf3 Nc6 12. O-O Nxd4 13. Nxd4 cxd4 14. f4 Rb8
15. Qd3 f6 16. exf6 Qxf6 17. Bd2 Bf5 18. Rfe1 Bxe4 19. Rxe4 Qf7 20. b3 Rfe8 21.
Rxe8+ Rxe8 22. Re1 Rxe1+ 23. Bxe1 Qe6 24. Qc4 Kf7 25. Kf2 b5 26. Qxe6+ Kxe6 27.
Ke2 Kd5 28. Kd3 Bf6 29. Bf2 Bg7 30. h3 Bf6 31. g4 Bg7 32. Bg3 Bf6 33. Bf2 Bg7
34. a4 bxa4 35. bxa4 Bf6 1/2-1/2

[Event "Seniorsko prvenstvo Centralne "]
[Site "Vrnjacka Banja"]
[Date "2008.11.09"]
[Round "3.27"]
[White "Adamovic, Strahinja"]
[Black "Boskovic, Maksimilijan"]
[Result "0-1"]
[WhiteElo "2025"]
[BlackElo "1903"]
[PlyCount "45"]
[EventDate "2008.11.08"]

1. e4 c5 2. Nf3 Nc6 3. d4 cxd4 4. Nxd4 Nf6 5. Nc3 e5 6. Ndb5 d6 7. Bg5 a6 8.
Bxf6 gxf6 9. Na3 f5 10. exf5 Bxf5 11. Nd5 Be6 12. c3 Bg7 13. Nc2 f5 14. Nce3
O-O 15. Bd3 e4 16. Bc2 Ne5 17. Nf4 Bd7 18. Qxd6 Qg5 19. Ne6 Qg6 20. Bb3 Kh8 21.
Qe7 Nd3+ 22. Ke2 Bxe6 23. Qxe6 0-1

[Event "Seniorsko prvenstvo Centralne "]
[Site "Vrnjacka Banja"]
[Date "2008.11.09"]
[Round "3.28"]
[White "Gagic, Miroljub"]
[Black "Filipovic, Tomislav S"]
[Result "1-0"]
[WhiteElo "1851"]
[BlackElo "1989"]
[PlyCount "81"]
[EventDate "2008.11.08"]

1. e4 e6 2. d4 d5 3. e5 c5 4. c3 Nc6 5. Nf3 Bd7 6. Be2 cxd4 7. cxd4 Nge7 8. Na3
Nf5 9. O-O Bxa3 10. bxa3 O-O 11. Rb1 b6 12. Qd3 h6 13. Bd1 Nfe7 14. Bc2 Ng6 15.
h4 Re8 16. h5 Nf8 17. g4 f5 18. exf6 Qxf6 19. Bb2 Qf4 20. Nh2 Rac8 21. Rfe1 Re7
22. Re3 Rf7 23. Rf3 Qc7 24. Rxf7 Kxf7 25. Bd1 Qf4 26. Bc2 Kg8 27. Re1 Qc7 28.
Bb1 Na5 29. Bc1 Qc3 30. Qd1 Ba4 31. Qe2 Nc4 32. Nf3 Bb5 33. Bd3 a6 34. g5 hxg5
35. Bxg5 Qxa3 36. h6 Re8 37. hxg7 Kxg7 38. Bxc4 Bxc4 39. Qe5+ Kg8 40. Bf6 Qxf3
41. Qg5+ 1-0

[Event "Seniorsko prvenstvo Centralne "]
[Site "Vrnjacka Banja"]
[Date "2008.11.09"]
[Round "3.24"]
[White "Sekularac, Andrej"]
[Black "Irizanin, Radoje"]
[Result "0-1"]
[WhiteElo "2134"]
[BlackElo "2339"]
[PlyCount "81"]
[EventDate "2008.11.08"]

1. Nf3 c5 2. d3 Nc6 3. Nbd2 g6 4. e4 Bg7 5. Be2 d5 6. O-O d4 7. Re1 e5 8. c4
Nge7 9. Nf1 O-O 10. Ng3 a6 11. a3 b5 12. b3 f5 13. Ra2 f4 14. Nf1 b4 15. a4 Bf6
16. h3 Be6 17. N1h2 h5 18. Kf1 Qd7 19. Ng1 Kf7 20. Bf3 Ke8 21. Ke2 Kd8 22. Kd2
Kc7 23. Kc2 Rh8 24. Kb1 Na5 25. Be2 Rag8 26. Rb2 Qe8 27. Rf1 g5 28. f3 Rg7 29.
Ka2 Ng8 30. Rd2 Be7 31. Qc2 Nf6 32. Bd1 Bd7 33. Qb2 Nc6 34. Re1 Rh6 35. Rf1 Qf8
36. Kb1 g4 37. fxg4 hxg4 38. Bxg4 Bxg4 39. Nxg4 Nxg4 40. hxg4 Rh1 41. Qc2 0-1